Statistics for Geography on a World Map

Click here to take the quiz!

General Stats

  • This quiz has been taken 50,014 times
    (49,967 since last reset)
  • The average score is 120 of 260

Answers on the Map

Answers color-coded by a green-red scale on the quiz's map according to % correct below.
 

Answer Stats

Answer% Correct
CountryPeru
91%
CountryFinland
90%
IslandMadagascar
89%
CountryMongolia
89%
CountryChad
88%
CountryParaguay
87%
CountryUruguay
87%
RiverNile
86%
CountryRomania
85%
CountryAustria
84%
CountryBelgium
84%
CountryGuyana
84%
IslandIceland
84%
RiverMississippi
84%
CountryTanzania
83%
CountryGhana
82%
CountryJordan
82%
CapitalLisbon
82%
CountrySenegal
82%
CountryLaos
81%
CountryMalaysia
81%
RiverAmazon
80%
CapitalWarsaw
80%
CountryAlbania
79%
CountryHonduras
79%
IslandSri Lanka
79%
CapitalStockholm
79%
CountryCosta Rica
78%
CountryKyrgyzstan
78%
Mountain/VolcanoMount Everest
78%
CountryBotswana
76%
CapitalHavana
75%
PeninsulaIberian
74%
CountryBhutan
73%
RiverDanube
73%
CapitalSeoul
73%
CapitalBogota
72%
CityEdinburgh
72%
Body of WaterGulf of Mexico
72%
IslandSicily
72%
CityBarcelona
71%
RiverHuang He
71%
CapitalAlgiers
70%
DesertGobi
70%
WaterfallNiagara
69%
CapitalCape Town
68%
CityDubai
68%
Mountain/VolcanoKilimanjaro
68%
CityLos Angeles
68%
CapitalTaipei
68%
CityAlexandria
66%
Body of WaterAtlantic
66%
RiverCongo
66%
CapitalGuatemala City
66%
Body of WaterIndian Ocean
66%
CityMumbai
66%
Body of WaterPacific
66%
CitySao Paulo
66%
CityHamburg
65%
Mountain/VolcanoK2
65%
CityPerth
65%
CapitalSantiago
65%
CapitalAddis Ababa
64%
PeninsulaBaja California
64%
Body of WaterBlack Sea
64%
Body of WaterCaribbean Sea
64%
Mountain/VolcanoFuji
64%
IslandHispaniola
64%
Body of WaterMediterranean Sea
64%
Body of WaterRed Sea
64%
RiverRhine
64%
Body of WaterYellow Sea
64%
CityAuckland
63%
Body of WaterNorth Sea
63%
Mountain/VolcanoVesuvius
63%
IslandCorse
62%
CityHong Kong
62%
RiverMissouri
62%
Body of WaterSea of Japan
62%
CityShanghai
62%
Mountain RangeAppalachian
61%
LakeCaspian Sea
61%
CapitalDhaka
61%
CityMontreal
61%
RiverNiger
61%
Mountain RangeUral
61%
LakeVictoria
61%
RiverYangtze
61%
IslandNewfoundland
60%
IslandNew Guinea
60%
RiverVolga
60%
Body of WaterArctic Ocean
58%
CapitalMogadishu
58%
Body of WaterPersian Gulf
58%
CityLagos
57%
RiverColorado
56%
RiverGanges
56%
Mountain/VolcanoMont Blanc
56%
PeninsulaYucatan
56%
Body of WaterBaltic Sea
55%
CityHo Chi Minh City
55%
CapitalTbilisi
55%
CityColombo
54%
IslandHonshu
54%
CapitalLuanda
53%
IslandSumatra
53%
Body of WaterAdriatic Sea
52%
Mountain RangeAtlas
52%
LakeMichigan
52%
IslandPuerto Rico
52%
Body of WaterSouth China Sea
52%
Body of WaterBay of Bengal
51%
Mountain/VolcanoDenali
51%
IslandFalkland Islands
51%
Body of WaterJava Sea
51%
CityOsaka
51%
LakeSuperior
51%
RiverTigris
51%
Body of WaterAegean Sea
50%
Body of WaterGulf of Guinea
50%
CityKarachi
50%
Body of WaterKara Sea
50%
Body of WaterArabian Sea
49%
CityEdmonton
49%
RiverMekong
49%
LakeErie
48%
DesertKalahari
48%
PeninsulaAnatolia
47%
Body of WaterBering Sea
47%
Body of WaterHudson Bay
47%
CapitalTashkent
47%
CityThessaloniki
47%
CityBergen
46%
CapitalDili
46%
CityNuuk
46%
WaterfallAngel
45%
RiverIndus
45%
IslandVancouver
45%
CityJeddah
44%
Body of WaterTasman Sea
44%
Body of WaterBay of Biscay
43%
LakeHuron
43%
LakeOntario
43%
RiverDnieper
42%
CityGuadalajara
42%
IslandLuzon
42%
CityAleppo
41%
DesertNamib
41%
Body of WaterBaffin Bay
40%
Body of WaterEast China Sea
40%
RiverLoire
40%
CityMarrakesh
40%
Body of WaterGulf of California
39%
PeninsulaKamchatka
39%
Mountain/VolcanoMount Kenya
39%
LakeTiticaca
39%
LakeBaikal
38%
CityManaus
38%
RiverZambezi
38%
IslandSulawesi
37%
CityYangon
37%
DesertAtacama
36%
Body of WaterGreenland Sea
36%
Body of WaterGulf of Alaska
36%
IslandHainan
35%
LakeNicaragua
35%
Mountain RangeSierra Nevada
35%
RiverYukon
35%
IslandMadeira
34%
LakeMalawi
34%
Body of WaterNorwegian Sea
34%
CityMombasa
32%
CityAlmaty
31%
IslandGuadeloupe
31%
Body of WaterGulf of Aden
31%
Body of WaterIonian Sea
31%
Body of WaterLabrador Sea
31%
Mountain/VolcanoElbrus
30%
Body of WaterGulf of Thailand
30%
IslandMartinique
30%
IslandSakhalin
30%
Body of WaterCoral Sea
29%
RiverOrange
29%
CityGuayaquil
28%
CapitalHoniara
28%
RiverOb
28%
CitySalvador
28%
Mountain RangeApennines
27%
CityCordoba
27%
CityCayenne
26%
Body of WaterTyrrhenian Sea
26%
Mountain/VolcanoAconcagua
25%
RiverAmur
25%
IslandEllesmere
25%
WaterfallIguazu
25%
RiverLena
25%
IslandMindanao
25%
RiverMurray
25%
IslandNew Caledonia
25%
IslandSocotra
25%
Body of WaterGulf of Saint Lawrence
24%
Body of WaterSea of Azov
24%
Body of WaterWhite Sea
24%
LakeGreat Bear
23%
LakeGreat Slave
23%
CitySurabaya
23%
LakeWinnipeg
23%
Body of WaterAndaman Sea
22%
RiverParana
22%
LakeTanganyika
22%
DesertChihuahuan
21%
Body of WaterMalacca Strait
21%
RiverOrinoco
21%
Body of WaterSolomon Sea
21%
Body of WaterTimor Sea
21%
Body of WaterBarents Sea
20%
CityYakutsk
20%
Mountain RangeGreat Dividing Range
19%
PeninsulaCape York
18%
Body of WaterSea of Okhotsk
18%
RiverYenisei
18%
Body of WaterCelebes Sea
17%
PeninsulaKola
17%
IslandSpitsbergen
17%
IslandBanks
16%
Body of WaterGreat Australian Bight
16%
DesertGreat Sandy
16%
RiverLimpopo
16%
LakeMaracaibo
16%
Mountain/VolcanoMount Logan
16%
Body of WaterGulf of Maine
15%
LakeLadoga
15%
Body of WaterBanda Sea
14%
Body of WaterGulf of Tonkin
14%
Body of WaterKattegat
14%
Body of WaterLaccadive Sea
14%
Body of WaterNorthwest Passage
14%
Body of WaterSkagerak
14%
Body of WaterBeaufort Sea
13%
Body of WaterBismarck Sea
13%
Mountain RangeDrakensberg
13%
Body of WaterEast Siberian Sea
13%
DesertGreat Victorian
13%
Mountain/VolcanoMount Kosciuszko
13%
Body of WaterArafura Sea
12%
Body of WaterChukchi Sea
12%
Body of WaterLaptev Sea
12%
DesertSimpson
12%
Body of WaterSulu Sea
12%
Body of WaterDavis Strait
11%
Body of WaterGulf of Carpentaria
11%
LakeOnega
11%
LakeBalkhash
10%
Mountain/VolcanoKangchenjunga
10%
Body of WaterMakassar Strait
10%
Mountain/VolcanoPuncak Jaya
10%
DesertKarakum
9%
IslandSeverny
9%
PeninsulaShandong
9%
Mountain/VolcanoPico de Orizaba
8%

Score Distribution

Percentile by Number Answered

Percent of People with Each Score

Your Score History

You have not taken this quiz since the last reset